000 00588nam a2200193Ia 4500
005 20250923145326.0
008 008 250917s9999 xx 000 0 eng d
037 _aTextual
040 _aDSWL
_beng
_cDSWL
041 _aeng
_2eng
084 _aYX,A;5-P:(S), N73
_qDSWL
245 0 _aHumane Reproduction
_cby Group for the Advancement of Psychiatry
260 _aNew York
_b Group for the Advancement of Psychiatry
_c1973
300 _a383 to 516p.
365 _aUSD
_b4 . 0
925 _g4 . 0
942 _cTEXL
_hYX,A;5-P:(S), N73
999 _c1450001
_d1450001